• 首页
  • 本馆介绍
  • 公告通知
  • 最新文献
  • 馆藏检索
  • 电子资源
  • 读者荐购
  • 参考咨询
  • CALIS
  • 我的图书馆
  • 登录
  • 详细信息显示
  • 放入我的书架
  • 预约/预借图书
  • 作者相关作品
  • 分类相关作品
  • 丛书相关作品
  • 出版社相关作品

书目信息

  • 表格格式
  • 工作单格式
  • 卡片格式
题名:
美味小土豆
    
 
作者: 王先奎 编著
分册:  
出版信息: 北京   农村读物出版社  2001.09
页数: 102页
开本: 21cm
丛书名:
单 册:
中图分类: TS972.123
科图分类:
主题词: 马铃薯--ma ling shu--菜谱--中国
电子资源:
ISBN: 7-5048-3459-9
 
 
 
 
 
000 00717nam0 2200217 450
001 012007127950
005 20070924104538.95
010    @a7-5048-3459-9@dCNY8.00
100    @a20070817d2001 km y0chiy0120 ea
101 0  @achi
102    @aCN@b110000
105    @aa z 000yy
200 1  @a美味小土豆@Amei wei xiao tu dou@f王先奎编著@Fwang xian kui bian zhu
210    @a北京@c农村读物出版社@d2001.09
215    @a102页@c图@d21cm
330    @a本书收“咖喱薯丁”、“三色土豆丝”、“土豆炒乌鸡”、“葱油土豆”、“红油土豆”、“酱烧土豆”等百余道菜谱。
606 0  @a马铃薯@Ama ling shu@x菜谱@y中国
690    @aTS972.123@v4
701  0 @a王先奎@Awang xian kui@4编著
801  0 @aCN@c20070924
905    @dTS972.123@eW383
    
    美味小土豆/王先奎编著.-北京:农村读物出版社,2001.09
    102页:图;21cm
    
    
    ISBN 7-5048-3459-9:CNY8.00
    本书收“咖喱薯丁”、“三色土豆丝”、“土豆炒乌鸡”、“葱油土豆”、“红油土豆”、“酱烧土豆”等百余道菜谱。
●
相关链接 在E读中查询图书 在当当中查询图书 在豆瓣中查询图书


正题名:美味小土豆     索取号:TS972.123/W383         预约/预借

序号 登录号 条形码 馆藏地/架位号 状态 备注
1 259433   202594335   自科库501/201建筑库 73排2列3层/ [索取号:TS972.123/W383] 在馆    
2 259434   202594344   自科库501/501自科库 45排4列1层/ [索取号:TS972.123/W383] 在馆    
河南城建学院图书馆 欢迎您!
大连网信软件有限公司© 版权所有